Tributación en la economía digital.
Uloženo v:
| Hlavní autor: | |
|---|---|
| Další autoři: | |
| Médium: | Kniha |
| Vydáno: |
Valencia, España:
Tirant lo Blanch,
2023.
|
| Edice: | Colección Manuales Tirant Tributario
|
| Témata: | |
| Tagy: |
Přidat tag
Žádné tagy, Buďte první, kdo vytvoří štítek k tomuto záznamu!
|
MARC
| LEADER | 00000nam a22000007a 4500 | ||
|---|---|---|---|
| 003 | CL-VaPUC | ||
| 005 | 20240516102029.0 | ||
| 008 | 240513t2023 ||||| |||| 00| 0 eng d | ||
| 999 | |c 443727 |d 443725 | ||
| 020 | |a 978-84-1169-717-0 | ||
| 040 | |c Pontificia Universidad Católica de Valparaíso | ||
| 082 | 7 | |2 22 |a 343.068 FAU 2023 | |
| 100 | 1 | |a Faúndez Ugalde, Antonio |e coordinador |9 856325 | |
| 245 | |a Tributación en la economía digital. | ||
| 260 | |a Valencia, España: |b Tirant lo Blanch, |c 2023. | ||
| 300 | |a 394 páginas. | ||
| 490 | |a Colección Manuales Tirant Tributario | ||
| 500 | |a c1 Donación Sr. Eduardo Aldunate L. MEMO DER Nº24 / 10-5-2024. | ||
| 583 | |c 20240513 |k GC | ||
| 650 | |a Impuesto sobre actividades económicas |x Servicios digitales |x Influencers |x Criptomoneda |z Chile |9 888942 | ||
| 650 | 0 | |9 428366 |a Comercio electrónico |x Impuestos |x Proyecto BEPS |z España |z Chile |z Brasil | |
| 650 | |a |9 888943 | ||
| 700 | |a Ossandón Cerda, Francisco |e coordinador |9 888894 | ||
| 942 | |2 ddc |c BK | ||
| 952 | |0 0 |1 0 |2 ddc |4 0 |6 343_068000000000000_FAU_2023 |7 0 |8 A |9 594549 |a BIBDER |b BIBDER |d 2024-05-13 |e Donación |i 5661353 |l 1 |o 343.068 FAU 2023 |p 5661353 |r 2024-09-23 |s 2024-09-16 |t 1 |w 2024-05-13 |y BK |k DER | ||